00934nam a2200265 i 450000100060000000300080000600500170001400800390003102000170007003500190008704000320010604100080013808200200014610000280016624501090019426000420030330000260034550400200037165000200039165000320041165000390044394200120048299900170049495201570051114281BD-RjUL20211208235612.0140205s1976 nyu 001 0 eng a0448121573 : a(BD-RjUL)14333 aDLCcDLCdDLCdBD-RjULbeng aeng00a650.1bNAG 19761 aNash, Katherine.94459610aGet the best of yourself :bhow to find your success pattern and make it work for you /cKatherine Nash. aNew York :bGrosset & Dunlap,cc1976. avii, 182 p. ;c24 cm. aIncludes index. 0aSuccess.942064 0aVocational guidance.944597 0aApplications for positions.943717 2ddccBK c14281d14281 00102ddc40718NFICaRUCLbRUCLcReadingd1992-11-12ebooks for bangladesh project.g0.00l0o650.1 NAG 1976r2014-02-05 00:00:00tC-1w2014-02-05yBK